| 000 | 00489nam a2200181Ia 4500 | ||
|---|---|---|---|
| 001 | 3123 | ||
| 005 | 20260306144857.0 | ||
| 008 | 260306t2006||||xx |||||||||||||| ||spa|| | ||
| 041 | _aESP | ||
| 082 |
_a260 _bC265 |
||
| 100 |
_aConsejo Episcopal Latinoamericano _eAUT |
||
| 245 | 0 | _aLa pastoral de la cultura en América, una nueva mirada al alba del tercer milenio | |
| 260 | _c2006 | ||
| 300 |
_a494 páginas : _c21 cm. |
||
| 650 | _aGEN | ||
| 654 | _aCHU | ||
| 942 |
_cLIB _dJUS _fJUS _2ddc _n |
||
| 999 |
_c3123 _d3123 |
||